| 000 | 00384nam a2200133Ia 4500 | ||
|---|---|---|---|
| 008 | 231129s9999||||xx |||||||||||||| ||spa|| | ||
| 020 | _a958-9028-02-0 | ||
| 040 | _bspa | ||
| 082 | _aCo861 รณ15p | ||
| 100 | _aOcampo Marin Hector | ||
| 245 | 0 | _aEl poeta de la ruana y su memoria de Pereira | |
| 264 | _aBanco de la Republica | ||
| 942 |
_2ddc _cBKS |
||
| 999 |
_c12132 _d12132 |
||